000 00875nam a2200313 a 4500
999 _c7858
_d7858
001 7858
003 BD-JhCC
005 20180422113637.0
008 180214s2006 ncua j g 000 1 eng d
020 _a1890424412
020 _a9781890424411
035 _a(BD-JhCC)7858
035 _a(OCoLC)64434040
040 _a(BD-JhCC)
_cNQM
_dBD-JhCC
041 _aeng
050 0 0 _aMLCS 2012/41647 (P)
082 _a823.09
_bFAU 1959
100 1 _aFaucett, Lawrence
245 1 4 _aThe Prince with the golden hair and king bird-head /
_cLawrence Faucett,
250 _a1st ed.
260 _aLondon :
_bOxford University Press,
_c1959
300 _a31 p. :
_bill. ;
_c19 cm.
500 _aCover design and artwork by Witt Wittmann.
650 0 _aFairy tales.
650 0 _aShort Stories English
700 1 _aWittmann, Witt,
942 _2ddc
_cBK